• 首页
  • 本馆介绍
  • 公告通知
  • 最新文献
  • 馆藏检索
  • 电子资源
  • 读者导购
  • 参考咨询
  • 我的图书馆
  • 登录
  • 详细信息显示
  • 放入我的书架
  • 预约/预借图书
  • 作者相关作品
  • 分类相关作品
  • 丛书相关作品
  • 出版社相关作品

书目信息

  • 表格格式
  • 工作单格式
  • 卡片格式
题名:
中国道路下的金融改革与创新
    
 
作者: 刘纪鹏 主编
分册:  
出版信息: 北京   东方出版社  2021
页数: 221页
开本: 24cm
丛书名:
单 册:
中图分类: F832.1
科图分类:
主题词: 金融改革--jin rong gai ge--研究--中国
电子资源:
ISBN: 978-7-5207-1964-3
000 01503nam0 2200253 450
001 2153158955
005 20211018173724.0
010    @a978-7-5207-1964-3@dCNY59.00
100    @a20210607d2021 em y0chiy50 ea
101 0  @achi
102    @aCN@b110000
105    @aa z 000yy
106    @ar
200 1  @a中国道路下的金融改革与创新@Azhong guo dao lu xia de jin rong gai ge yu chuang xin@dFinancial reform and innovation on the road of China@f刘纪鹏主编@zeng
210    @a北京@c东方出版社@d2021
215    @a221页@c照片@d24cm
314    @a刘纪鹏,中国政法大学商学院院长、资本金融研究院院长,二级教授、博导;具有高级研究员、高级经济师职称和注册会计师资格;国务院国资委法律顾问、国家社科基金重大项目首席专家、中国企业改革与发展研究会副会长;民生银行、中金黄金、长安汽车、民生信托等公司独立董事;曾任全国人大《证券法》《国有资产法》《基金法》《期货交易法》起草组和修改组专家。
330    @a本辑内容不仅邀请的嘉宾重磅,如证监会原主席肖钢、中国问题专家郑永年、经济学家朱嘉明,而且主题更加精彩,如肖钢总结“2015年股市危机的教训”,郑永年概述“中国模式”,朱嘉明梳理“世界货币的演变史”并畅谈未来“数字经济”。每位主讲者将宏观背景、理论知识和实践结论高度浓缩在每一篇文章之中,对于读者来说,可以快速直接地综观中国宏观经济问题,读懂中国资本市场的前沿热点。
510 1  @aFinancial reform and innovation on the road of China@zeng
606 0  @a金融改革@Ajin rong gai ge@x研究@y中国
690    @aF832.1@v5
701  0 @a刘纪鹏@Aliu ji peng@4主编
801  0 @aCN@b百万庄@c20211018
905    @b1311548-551@dF832.1@e219@f4
    
    中国道路下的金融改革与创新=Financial reform and innovation on the road of China/刘纪鹏主编.-北京:东方出版社,2021
    221页:照片;24cm
    
    
    ISBN 978-7-5207-1964-3:CNY59.00
    本辑内容不仅邀请的嘉宾重磅,如证监会原主席肖钢、中国问题专家郑永年、经济学家朱嘉明,而且主题更加精彩,如肖钢总结“2015年股市危机的教训”,郑永年概述“中国模式”,朱嘉明梳理“世界货币的演变史”并畅谈未来“数字经济”。每位主讲者将宏观背景、理论知识和实践结论高度浓缩在每一篇文章之中,对于读者来说,可以快速直接地综观中国宏观经济问题,读懂中国资本市场的前沿热点。
●
相关链接 在E读中查询图书 在五车中查询图书 在当当中查询图书 在豆瓣中查询图书


正题名:中国道路下的金融改革与创新     索取号:F832.1/219         预约/预借

序号 登录号 条形码 馆藏地/架位号 状态 备注
1 1311548   213115485   第一样本阅览室/ [索取号:F832.1/219] 在馆    
2 1311549   213115494   第一借阅区/ [索取号:F832.1/219] 在馆    
3 1311550   213115500   第一借阅区/ [索取号:F832.1/219] 在馆    
4 1311551   213115519   第一借阅区/ [索取号:F832.1/219] 在馆    
唐山师范学院图书馆 欢迎您!
大连网信软件有限公司© 版权所有